Top 20 Led Zeppelin Songs - Statistics

General Stats
  • This quiz has been taken 526 times
  • The average score is 12 of 20
Answer Stats
Answer % Correct
Stairway To Heaven
97%
Black Dog
91%
Whole Lotta Love
88%
Kashmir
84%
Immigrant Song
79%
Dazed And Confused
70%
Rock And Roll
69%
Ramble On
68%
Good Times Bad Times
64%
When The Levee Breaks
62%
Going To California
61%
Communication Breakdown
56%
Over The Hills And Far Away
49%
D'yer Ma'ker
43%
No Quarter
43%
Since Ive Been Loving You
42%
Achilles Last Stand
41%
Babe Im Gonna Leave You
41%
The Rain Song
29%
Ten Years Gone
23%
No matching quizzes found
Score Distribution
Percent of People with Each Score
Percentile by Number Answered
Your Score History
You have not taken this quiz